[Event "Graz op-A"]
[Site "Graz"]
[Date "2020.02.16"]
[Round "3"]
[White "Ninov, Dayan"]
[Black "Gajek, Radoslaw"]
[Result "0-1"]
[WhiteElo "2242"]
[BlackElo "2438"]
[PlyCount "122"]
[EventDate "2020.02.14"]
[EventType "swiss"]
[EventRounds "9"]
[EventCountry "AUT"]
[SourceTitle "CBM 195 Extra"]
[Source "ChessBase"]
[SourceDate "2020.05.31"]
[SourceVersion "1"]
[SourceVersionDate "2020.05.31"]
[SourceQuality "1"]

1. e4 c5 2. c3 e6 3. d4 d5 4. exd5 exd5 5. Bb5+ Bd7 6. Bxd7+ Qxd7 7. Nf3 Nc6 8. 0-0 0-0-0 9. dxc5 Bxc5 10. b4 Bd6 11. Be3 Nf6 12. b5 Ne5 13. Nbd2 Qxb5 14. Nxe5 Bxe5 15. Bxa7 Qd3 16. Rb1 Rd7 17. Nf3 Qxd1 18. Rfxd1 Bxc3 19. Rbc1 Rc7 20. Rd3 Ba5 21. Rxc7+ Bxc7 22. Bd4 Rd8 23. g3 Ne8 24. Re3 f6 25. Re7 Bd6 26. Re2 Nc7 27. Bb6 Kd7 28. Rd2 Ra8 29. Be3 Bb4 30. Rb2 Ra4 31. a3 Bxa3 32. Rxb7 Kc8 33. Rb6 Rb4 34. Rxb4 Bxb4 35. Kf1 Kd7 36. Ke2 Bc3 37. Bb6 Nb5 38. Kd3 Ke6 39. h3 Be5 40. Bc5 Nc3 41. Bf8 Ne4 42. Ke3 g6 43. Ba3 f5 44. Nxe5 Kxe5 45. Bb2+ Kd6 46. g4 f4+ 47. Kxf4 Nxf2 48. Ba3+ Ke6 49. h4 d4 50. Kf3 Nd1 51. h5 Ke5 52. hxg6 hxg6 53. Bf8 d3 54. Bg7+ Kd5 55. Bh6 Kc4 56. Ke4 Kc3 57. Bf4 Nf2+ 58. Kf3 Nh3 59. Bc7 d2 60. Ba5+ Kd3 61. Bxd2 Kxd2 0-1

[Event "AUT-chT2M 1920"]
[Site "Austria"]
[Date "2020.01.12"]
[Round "9.2"]
[White "Ftacnik, Lubomir"]
[Black "Gajek, Radoslaw"]
[Result "1/2-1/2"]
[WhiteElo "2521"]
[BlackElo "2422"]
[PlyCount "98"]
[EventDate "2019.10.11"]
[EventType "team-tourn"]
[EventRounds "11"]
[EventCountry "AUT"]
[SourceTitle "CBM 194 Extra"]
[Source "ChessBase"]
[SourceDate "2020.03.31"]
[SourceVersion "1"]
[SourceVersionDate "2020.03.31"]
[SourceQuality "1"]
[WhiteTeam "Pinggau Friedberg"]
[BlackTeam "Graz Schachfreunde"]
[WhiteTeamCountry "AUT"]
[BlackTeamCountry "AUT"]

1. Nf3 d5 2. e3 Nc6 3. b3 e5 4. Bb2 e4 5. Ne5 Qf6 6. Bb5 a6 7. Bxc6+ bxc6 8. 0-0 Bd6 9. d4 Qh6 10. Ba3 Nf6 11. f3 Qxe3+ 12. Kh1 Bxa3 13. Nxa3 c5 14. c4 Be6 15. cxd5 Bxd5 16. Nac4 Qxd4 17. Qe1 0-0 18. Rd1 exf3 19. Rxf3 Qe4 20. Qf2 Bxc4 21. Nxc4 Rad8 22. Rf1 Qd4 23. Qg3 Ne4 24. Qxc7 f5 25. h3 f4 26. Kh2 g5 27. Re1 Rde8 28. Qc6 a5 29. a4 Nf6 30. Rxe8 Rxe8 31. Nd6 g4 32. hxg4 Rd8 33. Nb7 Qe5 34. Qxc5 Rd5 35. Qc8+ Kg7 36. Nd8 h5 37. Qc7+ Qxc7 38. Ne6+ Kf7 39. Nxc7 Rc5 40. Rxf4 hxg4 41. Ne8 Kxe8 42. Rxf6 Rc3 43. Rf5 Rxb3 44. Rxa5 Kf7 45. Ra8 Ra3 46. a5 Kg7 47. a6 Kf7 48. Rh8 Rxa6 49. Kg3 Rg6 1/2-1/2

[Event "AUT-chT2M 1920"]
[Site "Austria"]
[Date "2020.01.11"]
[Round "8.2"]
[White "Gajek, Radoslaw"]
[Black "Kilgus, Georg"]
[Result "1-0"]
[WhiteElo "2422"]
[BlackElo "2438"]
[PlyCount "59"]
[EventDate "2019.10.11"]
[EventType "team-tourn"]
[EventRounds "11"]
[EventCountry "AUT"]
[SourceTitle "CBM 194 Extra"]
[Source "ChessBase"]
[SourceDate "2020.03.31"]
[SourceVersion "1"]
[SourceVersionDate "2020.03.31"]
[SourceQuality "1"]
[WhiteTeam "Graz Schachfreunde"]
[BlackTeam "Grieskirchen/Bad Schallenberg"]
[WhiteTeamCountry "AUT"]
[BlackTeamCountry "AUT"]

1. e4 c5 2. Nf3 e6 3. d4 cxd4 4. Nxd4 Nc6 5. Nc3 Qc7 6. Be3 a6 7. Qf3 Bd6 8. 0-0-0 Be5 9. Nxc6 bxc6 10. Bd4 Bxd4 11. Rxd4 Nf6 12. Qe3 0-0 13. e5 Nd5 14. Nxd5 exd5 15. Bd3 d6 16. Rh4 h6 17. Rxh6 gxh6 18. Qxh6 f5 19. exf6 Ra7 20. g4 Qf7 21. Qg5+ Kh8 22. Qh4+ Kg8 23. g5 c5 24. c3 d4 25. Re1 Be6 26. Qh6 dxc3 27. bxc3 Rb8 28. Bg6 Qf8 29. Rxe6 Qxh6 30. gxh6 1-0

[Event "AUT-chT2M 1920"]
[Site "Austria"]
[Date "2019.11.10"]
[Round "6.2"]
[White "Gajek, Radoslaw"]
[Black "Gelbenegger, Patrick"]
[Result "1/2-1/2"]
[WhiteElo "2422"]
[BlackElo "2259"]
[PlyCount "189"]
[EventDate "2019.10.11"]
[EventType "team-tourn"]
[EventRounds "11"]
[EventCountry "AUT"]
[SourceTitle "CBM 192 Extra"]
[Source "Chessbase"]
[SourceDate "2019.11.06"]
[SourceVersion "1"]
[SourceVersionDate "2019.11.06"]
[SourceQuality "1"]
[WhiteTeam "Graz Schachfreunde"]
[BlackTeam "Nettingsdorf/Traun"]
[WhiteTeamCountry "AUT"]
[BlackTeamCountry "AUT"]

1. d4 d5 2. Bf4 c5 3. dxc5 Nc6 4. Nf3 e6 5. e4 Qf6 6. exd5 Qxf4 7. dxc6 bxc6 8. Qd2 Qxd2+ 9. Nbxd2 Bxc5 10. Ne4 Be7 11. Ne5 Nf6 12. Bd3 Bb7 13. 0-0-0 0-0 14. Nxf6+ Bxf6 15. Nd7 Bg5+ 16. Kb1 Rfd8 17. Nc5 Rab8 18. Be4 Ba8 19. c3 Be7 20. Nd7 Rbc8 21. Ne5 Bf6 22. Nc4 c5 23. Bxa8 Rxa8 24. Kc2 Kf8 25. a4 g6 26. a5 h5 27. a6 Ke7 28. Na5 Rd6 29. Rxd6 Kxd6 30. Kb3 Kc7 31. Nb7 Be7 32. Kc4 Rc8 33. Kb5 Rb8 34. Rd1 h4 35. c4 Bf8 36. Rd3 Be7 37. Rf3 f6 38. Re3 Kd7 39. f4 Bf8 40. Rh3 g5 41. fxg5 fxg5 42. Rd3+ Kc7 43. Rf3 Be7 44. Rf7 Kd7 45. b4 cxb4 46. c5 Rf8 47. c6+ Ke8 48. Rh7 b3 49. c7 Kd7 50. Nc5+ Kd6 51. Ne4+ Kd7 52. Nc5+ Kd6 53. Nxb3 Rc8 54. Rxe7 Kxe7 55. Kc6 Rf8 56. Kb7 Kd7 57. Nc5+ Kd6 58. Ne4+ Kd7 59. Nf6+ Kd6 60. c8Q Rxc8 61. Kxc8 Kc6 62. Nd7 Kd6 63. Nb8 e5 64. Kb7 e4 65. Nc6 Kd5 66. Nb4+ Kc4 67. Nc2 Kd3 68. Ne1+ Ke2 69. Kxa7 Kxe1 70. Kb6 e3 71. a7 e2 72. a8Q g4 73. Qe4 Kf1 74. g3 h3 75. Qxg4 e1Q 76. Qxh3+ Kg1 77. Qh6 Qb4+ 78. Kc6 Qc4+ 79. Kd7 Qd5+ 80. Ke8 Qe5+ 81. Kf7 Qf5+ 82. Kg7 Qg4+ 83. Kf6 Qd4+ 84. Kg5 Qe3+ 85. Kh5 Qe2+ 86. g4 Qxh2+ 87. Kg6 Qd6+ 88. Kh7 Qe7+ 89. Qg7 Qh4+ 90. Kg8 Qd8+ 91. Kf7 Qd7+ 92. Kf6 Qd4+ 93. Kg6 Qxg4+ 94. Kh7 Qxg7+ 95. Kxg7 1/2-1/2

[Event "AUT-chT2M 1920"]
[Site "Austria"]
[Date "2019.11.08"]
[Round "4.2"]
[White "Drnovsek, Gal"]
[Black "Gajek, Radoslaw"]
[Result "0-1"]
[WhiteElo "2394"]
[BlackElo "2422"]
[PlyCount "150"]
[EventDate "2019.10.11"]
[EventType "team-tourn"]
[EventRounds "11"]
[EventCountry "AUT"]
[SourceTitle "CBM 192 Extra"]
[Source "Chessbase"]
[SourceDate "2019.11.06"]
[SourceVersion "1"]
[SourceVersionDate "2019.11.06"]
[SourceQuality "1"]
[WhiteTeam "St Veit Aspernig II"]
[BlackTeam "Graz Schachfreunde"]
[WhiteTeamCountry "AUT"]
[BlackTeamCountry "AUT"]

1. d4 e6 2. c4 Nf6 3. Nc3 Bb4 4. e3 0-0 5. Bd2 c5 6. a3 Bxc3 7. Bxc3 Ne4 8. Ne2 b6 9. d5 d6 10. Qd3 Nxc3 11. Nxc3 e5 12. g3 f5 13. Bg2 e4 14. Qe2 Nd7 15. f4 exf3 16. Bxf3 Ne5 17. 0-0 Ba6 18. b3 Qg5 19. Rae1 Rae8 20. Bg2 Bc8 21. Nb5 Ng4 22. Rf3 Qh6 23. h3 Ne5 24. Rff1 Re7 25. Qd2 Rf6 26. Nc3 Rg6 27. Ne2 Nf7 28. Rf4 Ng5 29. h4 Ne4 30. Bxe4 Rxe4 31. Kh2 Rg4 32. Rxg4 Rxg4 33. Nf4 g5 34. Ng2 a6 35. Rf1 Re4 36. Kg1 Rg4 37. Kh2 Bd7 38. a4 Re4 39. Kg1 gxh4 40. gxh4 Rg4 41. Kh2 Qf6 42. Rf4 Qe5 43. Kh1 Rg6 44. Kh2 b5 45. cxb5 axb5 46. a5 Bc8 47. Ne1 Bb7 48. Nf3 Qxd5 49. Qxd5+ Bxd5 50. Rxf5 Bxb3 51. Nd2 Be6 52. a6 Bc8 53. h5 Rg4 54. Rd5 Bxa6 55. Rxd6 Ra4 56. Nb3 c4 57. Nc5 Ra2+ 58. Kg3 b4 59. Nxa6 b3 60. Rb6 Rxa6 61. Rxa6 b2 62. Rb6 c3 63. Kg4 c2 64. Rxb2 c1Q 65. Rb8+ Kg7 66. Rb7+ Kf6 67. Rxh7 Qxe3 68. Rh8 Qd4+ 69. Kf3 Qd5+ 70. Kg4 Qd7+ 71. Kh4 Kg7 72. Rb8 Qd4+ 73. Kh3 Qe3+ 74. Kg2 Qe4+ 75. Kg1 Qg4+ 0-1

[Event "Braunschweig CC 150 Ann"]
[Site "Braunschweig"]
[Date "2019.10.24"]
[Round "6"]
[White "Gajek, Radoslaw"]
[Black "Meskovs, Nikita"]
[Result "1/2-1/2"]
[WhiteElo "2411"]
[BlackElo "2548"]
[PlyCount "56"]
[EventDate "2019.10.21"]
[EventType "tourn"]
[EventRounds "9"]
[EventCountry "GER"]
[EventCategory "8"]
[SourceTitle "CBM 192 Extra"]
[Source "Chessbase"]
[SourceDate "2019.11.06"]
[SourceVersion "1"]
[SourceVersionDate "2019.11.06"]
[SourceQuality "1"]

1. c4 e5 2. Nc3 Nc6 3. Nf3 g6 4. e3 Bg7 5. d4 d6 6. dxe5 Nxe5 7. Nd4 Ne7 8. b3 0-0 9. Bb2 c6 10. Be2 d5 11. cxd5 Nxd5 12. Nxd5 Qxd5 13. 0-0 Rd8 14. Qc2 c5 15. e4 Qd6 16. Nb5 Qe7 17. Rad1 Rxd1 18. Rxd1 Be6 19. f4 Nc6 20. Bxg7 Kxg7 21. f5 gxf5 22. exf5 Bxf5 23. Qxf5 Qxe2 24. Qg5+ Kh8 25. Qf6+ Kg8 26. Qg5+ Kh8 27. Qf6+ Kg8 28. Qg5+ Kh8 1/2-1/2

[Event "Braunschweig CC 150 Ann"]
[Site "Braunschweig"]
[Date "2019.10.23"]
[Round "4"]
[White "Gajek, Radoslaw"]
[Black "Reuker, Jari"]
[Result "1-0"]
[WhiteElo "2411"]
[BlackElo "2394"]
[PlyCount "69"]
[EventDate "2019.10.21"]
[EventType "tourn"]
[EventRounds "9"]
[EventCountry "GER"]
[EventCategory "8"]
[SourceTitle "CBM 192 Extra"]
[Source "Chessbase"]
[SourceDate "2019.11.06"]
[SourceVersion "1"]
[SourceVersionDate "2019.11.06"]
[SourceQuality "1"]

1. c4 Nf6 2. Nc3 g6 3. d4 Bg7 4. e4 d6 5. f3 0-0 6. Be3 Nbd7 7. Bd3 c5 8. Nge2 cxd4 9. Nxd4 e6 10. 0-0 d5 11. Nb3 dxe4 12. Nxe4 Ne5 13. Nxf6+ Qxf6 14. Bd4 Qf4 15. g3 Qh6 16. Be2 Rd8 17. Qc1 Qh5 18. Qe3 Nxc4 19. Bxc4 Bxd4 20. Nxd4 Qc5 21. Rad1 Qxc4 22. Nf5 Qc7 23. Nh6+ Kg7 24. Ng4 Kg8 25. Qe5 Qb6+ 26. Kh1 h5 27. Nh6+ Kh7 28. Nxf7 Rf8 29. Qf6 Qc5 30. Rd8 Rxd8 31. Qxd8 Kg7 32. Nd6 Qc6 33. Qe7+ Kh8 34. Ne8 Qd7 35. Qf8+ 1-0

[Event "Braunschweig CC 150 Ann"]
[Site "Braunschweig"]
[Date "2019.10.22"]
[Round "3"]
[White "Lubbe, Nikolas"]
[Black "Gajek, Radoslaw"]
[Result "1/2-1/2"]
[WhiteElo "2431"]
[BlackElo "2411"]
[PlyCount "93"]
[EventDate "2019.10.21"]
[EventType "tourn"]
[EventRounds "9"]
[EventCountry "GER"]
[EventCategory "8"]
[SourceTitle "CBM 192 Extra"]
[Source "Chessbase"]
[SourceDate "2019.11.06"]
[SourceVersion "1"]
[SourceVersionDate "2019.11.06"]
[SourceQuality "1"]

1. d4 e6 2. c4 Nf6 3. Nc3 Bb4 4. e3 0-0 5. Bd3 c5 6. Nf3 d5 7. 0-0 cxd4 8. exd4 dxc4 9. Bxc4 b6 10. Bg5 Bb7 11. Re1 Nbd7 12. Rc1 Rc8 13. Qb3 Bxc3 14. Rxc3 Bd5 15. Bxd5 Rxc3 16. bxc3 exd5 17. Ne5 Re8 18. Re3 Nxe5 19. Rxe5 h6 20. Bxf6 gxf6 21. Rxe8+ Qxe8 22. Qd1 Qe4 23. h3 f5 24. Qd2 f4 25. f3 Qf5 26. Kh2 Kg7 27. Qe1 Qg5 28. Qe8 b5 29. Kg1 a6 30. Qd7 h5 31. a3 Qh4 32. Kf1 Qg5 33. Qd6 Qf5 34. Kg1 a5 35. Qc7 a4 36. Kh2 Qg5 37. Kh1 Qf5 38. Kh2 Qg5 39. Kh1 Qf5 40. Qe7 Qe6 41. Qg5+ Kf8 42. Qxf4 Qe1+ 43. Kh2 Qxc3 44. Qd6+ Kg7 45. Qe5+ Kf8 46. Qh8+ Ke7 47. Qe5+ 1/2-1/2

[Event "BL2-Nord 1819"]
[Site "Germany"]
[Date "2019.03.23"]
[Round "9.2"]
[White "Leniart, Arkadiusz"]
[Black "Gajek, Radoslaw"]
[Result "1-0"]
[WhiteElo "2497"]
[BlackElo "2446"]
[PlyCount "59"]
[EventDate "2018.11.10"]
[EventType "team-tourn"]
[EventRounds "10"]
[EventCountry "GER"]
[SourceTitle "CBM 190 Extra"]
[Source "ChessBase"]
[SourceDate "2019.07.15"]
[SourceVersion "1"]
[SourceVersionDate "2019.07.15"]
[SourceQuality "1"]
[WhiteTeam "Ruedersdorf Glueckauf"]
[BlackTeam "Lingen"]
[WhiteTeamCountry "GER"]
[BlackTeamCountry "GER"]

1. d4 Nf6 2. c4 e6 3. Nc3 Bb4 4. g3 c5 5. Nf3 cxd4 6. Nxd4 Ne4 7. Qd3 Nxc3 8. bxc3 Be7 9. Bg2 0-0 10. 0-0 d6 11. Rd1 a6 12. Be4 g6 13. Bh6 Re8 14. h4 Nd7 15. Nxe6 fxe6 16. Bxg6 Ne5 17. Bxh7+ Kh8 18. Qe4 Bf6 19. Bf4 Qc7 20. Bg6 Rf8 21. Bxe5 Bxe5 22. Qg4 Bxc3 23. Rac1 Bb4 24. c5 Bxc5 25. Qh5+ Kg8 26. Rd4 e5 27. Rxd6 Bxf2+ 28. Kg2 Qg7 29. Bh7+ Qxh7 30. Rg6+ 1-0

[Event "AUT-chT2M 1819"]
[Site "Austria"]
[Date "2019.03.01"]
[Round "9.1"]
[White "Schmidt, Peter"]
[Black "Gajek, Radoslaw"]
[Result "1/2-1/2"]
[WhiteElo "2397"]
[BlackElo "2471"]
[PlyCount "61"]
[EventDate "2018.10.19"]
[EventType "team-tourn"]
[EventRounds "11"]
[EventCountry "AUT"]
[SourceTitle "CBM 189 Extra"]
[Source "ChessBase"]
[SourceDate "2019.06.03"]
[SourceVersion "1"]
[SourceVersionDate "2019.06.03"]
[SourceQuality "1"]
[WhiteTeam "Sauwald"]
[BlackTeam "Graz Schachfreunde"]
[WhiteTeamCountry "AUT"]
[BlackTeamCountry "AUT"]

1. Nf3 Nf6 2. g3 b6 3. Bg2 Bb7 4. 0-0 g6 5. c4 Bg7 6. d4 e6 7. Nc3 Ne4 8. Nxe4 Bxe4 9. Bg5 Qc8 10. Qd2 0-0 11. Bh6 d6 12. Bxg7 Kxg7 13. Qc3 Nd7 14. d5+ Nf6 15. Bh3 Qe8 16. dxe6 fxe6 17. Ng5 Bf5 18. g4 h6 19. gxf5 hxg5 20. fxe6 Kh6 21. Rad1 Qe7 22. b4 a5 23. a3 axb4 24. axb4 Rae8 25. Rd4 c5 26. Rd3 g4 27. Bg2 Qxe6 28. Qd2+ Kg7 29. Rxd6 Qxc4 30. e3 Re6 31. bxc5 1/2-1/2

[Event "Chennai op 11th"]
[Site "Chennai"]
[Date "2019.01.25"]
[Round "10"]
[White "Gajek, Radoslaw"]
[Black "Suvrajit, Saha"]
[Result "1/2-1/2"]
[WhiteElo "2481"]
[BlackElo "2221"]
[PlyCount "152"]
[EventDate "2019.01.18"]
[EventType "swiss"]
[EventRounds "10"]
[EventCountry "IND"]
[SourceTitle "CBM 188 Extra"]
[Source "ChessBase"]
[SourceDate "2019.02.26"]
[SourceVersion "1"]
[SourceVersionDate "2019.02.26"]
[SourceQuality "1"]

1. Nf3 d5 2. g3 Nf6 3. Bg2 e6 4. d4 b5 5. 0-0 Nbd7 6. a4 b4 7. c4 bxc3 8. Nxc3 c5 9. Bf4 Ba6 10. Re1 Be7 11. e4 Nxe4 12. Nxe4 dxe4 13. Ne5 Nxe5 14. Bxe5 f6 15. Bxe4 Rc8 16. Bf4 Qxd4 17. Qh5+ Kf8 18. b3 Qd7 19. Rad1 Qe8 20. Qf3 c4 21. Bb7 Bxb7 22. Qxb7 Qc6 23. Rd7 Qxb7 24. Rxb7 e5 25. bxc4 Kf7 26. Rxa7 Ra8 27. Rc7 Rhc8 28. Rxc8 Rxc8 29. Be3 Rxc4 30. Ra1 Rc6 31. a5 Ra6 32. Bb6 Ke6 33. Kf1 h5 34. Rb1 f5 35. Ke2 e4 36. f3 exf3+ 37. Kxf3 h4 38. g4 fxg4+ 39. Kxg4 Bf6 40. h3 g6 41. Kf4 Be7 42. Ke4 Bf6 43. Kd3 Bd8 44. Kc4 Bf6 45. Kb5 Ra8 46. a6 g5 47. Rb4 Be5 48. Rg4 Kf5 49. a7 Bb8 50. axb8Q Rxb8 51. Kc6 Rc8+ 52. Bc7 Re8 53. Ra4 Re6+ 54. Kd7 Re3 55. Ra5+ Kg6 56. Bd8 Rd3+ 57. Ke8 Re3+ 58. Be7 Rg3 59. Re5 Rxh3 60. Rxg5+ Kh6 61. Kf7 Rg3 62. Rf5 Rg7+ 63. Ke6 Rg4 64. Bf6 Kg6 65. Be5 Ra4 66. Rf6+ Kg5 67. Rf8 Ra6+ 68. Bd6 h3 69. Rg8+ Kh4 70. Rh8+ Kg4 71. Ke5 Rxd6 72. Kxd6 Kg3 73. Ke5 h2 74. Ke4 Kg2 75. Ke3 h1Q 76. Rxh1 Kxh1 1/2-1/2

[Event "Chennai op 11th"]
[Site "Chennai"]
[Date "2019.01.21"]
[Round "6"]
[White "Gajek, Radoslaw"]
[Black "Harshavardhan, GB."]
[Result "1-0"]
[WhiteElo "2481"]
[BlackElo "2275"]
[PlyCount "157"]
[EventDate "2019.01.18"]
[EventType "swiss"]
[EventRounds "10"]
[EventCountry "IND"]
[SourceTitle "CBM 188 Extra"]
[Source "ChessBase"]
[SourceDate "2019.02.26"]
[SourceVersion "1"]
[SourceVersionDate "2019.02.26"]
[SourceQuality "1"]

1. Nf3 Nf6 2. c4 e6 3. g3 d5 4. Bg2 Be7 5. d4 0-0 6. 0-0 c6 7. Nbd2 b6 8. Qc2 Bb7 9. e4 Na6 10. a3 Qc8 11. e5 Nd7 12. cxd5 cxd5 13. Qd1 Qc7 14. Re1 Rac8 15. Nf1 Qc2 16. Qxc2 Rxc2 17. Ne3 Rc7 18. Bd2 Nab8 19. Rac1 Rfc8 20. Rxc7 Rxc7 21. Rc1 Rxc1+ 22. Bxc1 Nc6 23. Bd2 f6 24. exf6 Bxf6 25. Bc3 Kf7 26. Bf1 a5 27. Ng4 Ndb8 28. Bd3 Ba6 29. Bxh7 Be2 30. Kg2 Bxf3+ 31. Kxf3 g6 32. Bg8+ Ke7 33. Bh7 Kf7 34. Bg8+ Ke7 35. Ke3 b5 36. b4 axb4 37. axb4 Bh8 38. h4 Na6 39. Ne5 Bxe5 40. dxe5 Naxb4 41. Bb2 d4+ 42. Ke4 Nc2 43. g4 Nd8 44. h5 gxh5 45. gxh5 Kf8 46. Bh7 Kg7 47. Bg6 b4 48. f4 Nc6 49. Be8 Ne7 50. Bd7 Nd5 51. Bxe6 d3 52. h6+ Kxh6 53. Bc1 b3 54. f5+ Kg7 55. Kxd3 Ncb4+ 56. Kc4 Nf4 57. Bxf4 b2 58. f6+ Kg6 59. f7 b1Q 60. f8Q Qe4+ 61. Kb3 Qb1+ 62. Kc4 Qe4+ 63. Kb3 Qb1+ 64. Ka4 Qd1+ 65. Kxb4 Qd4+ 66. Kb5 Qd3+ 67. Bc4 Qd7+ 68. Kc5 Qc7+ 69. Kd4 Qa7+ 70. Kd3 Qh7 71. Qg8+ Qxg8 72. Bxg8 Kf5 73. e6 Kf6 74. Ke4 Ke7 75. Ke5 Ke8 76. Kf6 Kf8 77. e7+ Ke8 78. Bf7+ Kd7 79. e8Q# 1-0

[Event "Mumbai Wealth op 4th"]
[Site "Mumbai"]
[Date "2019.01.06"]
[Round "8"]
[White "Gajek, Radoslaw"]
[Black "Gukesh, Dommaraju"]
[Result "0-1"]
[WhiteElo "2475"]
[BlackElo "2466"]
[PlyCount "78"]
[EventDate "2018.12.30"]
[EventType "swiss"]
[EventRounds "9"]
[EventCountry "IND"]
[SourceTitle "CBM 188 Extra"]
[Source "ChessBase"]
[SourceDate "2019.02.26"]
[SourceVersion "1"]
[SourceVersionDate "2019.02.26"]
[SourceQuality "1"]

1. c4 g6 2. d4 Bg7 3. e4 d6 4. Nc3 Nf6 5. f3 0-0 6. Be3 e5 7. d5 Nh5 8. Qd2 f5 9. exf5 gxf5 10. 0-0-0 a6 11. Bd3 Nd7 12. g4 fxg4 13. fxg4 Nf4 14. Bb1 Qh4 15. h3 Nb6 16. Bxb6 cxb6 17. Nf3 Qh6 18. Be4 b5 19. cxb5 axb5 20. a3 Bd7 21. Kb1 b4 22. axb4 Ra7 23. Ne1 Rfa8 24. Nc2 Qg5 25. b3 Be8 26. Kb2 Bg6 27. Qe3 Bxe4 28. Qxe4 Qh4 29. Rd2 Qd8 30. h4 Qb6 31. Rf1 Rc8 32. Rf3 Qg1 33. g5 b5 34. Rxf4 Rxc3 35. Rf8+ Bxf8 36. Kxc3 Qb1 37. Rf2 Rc7+ 38. Kd2 Qxb3 39. g6 Bh6+ 0-1

[Event "Mumbai Wealth op 4th"]
[Site "Mumbai"]
[Date "2019.01.05"]
[Round "7"]
[White "Mohammad Fahad, Rahman"]
[Black "Gajek, Radoslaw"]
[Result "0-1"]
[WhiteElo "2381"]
[BlackElo "2475"]
[PlyCount "50"]
[EventDate "2018.12.30"]
[EventType "swiss"]
[EventRounds "9"]
[EventCountry "IND"]
[SourceTitle "CBM 188 Extra"]
[Source "ChessBase"]
[SourceDate "2019.02.26"]
[SourceVersion "1"]
[SourceVersionDate "2019.02.26"]
[SourceQuality "1"]

1. e4 e6 2. d4 d5 3. Nc3 Nf6 4. Bg5 dxe4 5. Nxe4 Be7 6. Bxf6 gxf6 7. Nf3 f5 8. Nc3 a6 9. a4 Qd6 10. Bc4 c5 11. dxc5 Qxc5 12. Qe2 Nc6 13. Rd1 Bd7 14. 0-0 Rd8 15. Rfe1 0-0 16. Bb3 Bf6 17. Qe3 Qxe3 18. Rxe3 Nb4 19. Ne5 Bc8 20. Kf1 Rxd1+ 21. Nxd1 Rd8 22. Ke2 b6 23. c3 Bxe5 24. Rxe5 Nd3 25. Re3 Nc1+ 0-1

[Event "AUT-chT2M 1819"]
[Site "Austria"]
[Date "2018.11.25"]
[Round "5.1"]
[White "Perunovic, Milos"]
[Black "Gajek, Radoslaw"]
[Result "1/2-1/2"]
[WhiteElo "2604"]
[BlackElo "2471"]
[PlyCount "53"]
[EventDate "2018.10.19"]
[EventType "team-tourn"]
[EventRounds "11"]
[EventCountry "AUT"]
[SourceTitle "CBM 187 Extra"]
[Source "ChessBase"]
[SourceDate "2018.11.04"]
[SourceVersion "1"]
[SourceVersionDate "2018.11.04"]
[SourceQuality "1"]
[WhiteTeam "Pinggau Friedberg"]
[BlackTeam "Graz Schachfreunde"]
[WhiteTeamCountry "AUT"]
[BlackTeamCountry "AUT"]

1. e4 c5 2. Nf3 d6 3. d4 cxd4 4. Nxd4 Nf6 5. Nc3 a6 6. Be3 e5 7. Nf3 Be7 8. Bc4 0-0 9. 0-0 Be6 10. Bb3 h6 11. Nh4 Qd7 12. Bxe6 fxe6 13. Ng6 Rf7 14. f4 Nc6 15. fxe5 Nxe5 16. Nxe7+ Qxe7 17. Qd4 Rc8 18. Rad1 Rc6 19. h3 Nfd7 20. Rxf7 Qxf7 21. Qa7 b5 22. Qa8+ Qf8 23. Qa7 Qf7 24. Qa8+ Qf8 25. Qa7 Qf7 26. Qa8+ Qf8 27. Qa7 1/2-1/2

[Event "Innsbruck op-A 2nd"]
[Site "Innsbruck"]
[Date "2018.09.01"]
[Round "9"]
[White "Gajek, Radoslaw"]
[Black "Gschnitzer, Adrian"]
[Result "1-0"]
[WhiteElo "2444"]
[BlackElo "2333"]
[PlyCount "117"]
[EventDate "2018.08.24"]
[EventType "swiss"]
[EventRounds "9"]
[EventCountry "AUT"]
[SourceTitle "CBM 186 Extra"]
[Source "ChessBase"]
[SourceDate "2018.08.24"]
[SourceVersion "1"]
[SourceVersionDate "2018.08.24"]
[SourceQuality "1"]

1. c4 Nf6 2. Nc3 c5 3. Nf3 Nc6 4. d4 cxd4 5. Nxd4 e6 6. g3 Qb6 7. Ndb5 Ne5 8. Bg2 a6 9. Qa4 Rb8 10. Na3 Bxa3 11. Qxa3 Nxc4 12. Qa4 Qc5 13. 0-0 0-0 14. Bf4 b5 15. Qd1 d6 16. b3 Ne5 17. Rc1 Qb4 18. Bd2 Qd4 19. Be3 Qxd1 20. Rfxd1 d5 21. Bf4 Nfd7 22. e4 b4 23. Na4 dxe4 24. Nc5 Rb5 25. Nxd7 Nxd7 26. Rxc8 Rxc8 27. Rxd7 Rd5 28. Ra7 g5 29. Be3 Rd1+ 30. Bf1 g4 31. Rxa6 Kg7 32. Ra4 Rc2 33. Rxb4 f5 34. Rd4 Rb1 35. Rd2 Rxd2 36. Bxd2 Kg6 37. a4 Rxb3 38. a5 Ra3 39. a6 e5 40. Bb4 Ra2 41. Bd6 Kf6 42. Bc4 Ra4 43. Bb5 Ra5 44. Bb4 Ra2 45. Bc5 f4 46. gxf4 exf4 47. a7 Kg5 48. h4+ Kxh4 49. Bc6 e3 50. a8Q Rxa8 51. Be7+ Kh5 52. Bxa8 e2 53. Bb4 f3 54. Kh2 Kh4 55. Be4 h6 56. Bd2 h5 57. Bc6 g3+ 58. fxg3+ Kg4 59. Bd7# 1-0

[Event "Innsbruck op-A 2nd"]
[Site "Innsbruck"]
[Date "2018.08.26"]
[Round "2"]
[White "Becker, Marcel"]
[Black "Gajek, Radoslaw"]
[Result "0-1"]
[WhiteElo "2306"]
[BlackElo "2444"]
[PlyCount "54"]
[EventDate "2018.08.24"]
[EventType "swiss"]
[EventRounds "9"]
[EventCountry "AUT"]
[SourceTitle "CBM 186 Extra"]
[Source "ChessBase"]
[SourceDate "2018.08.24"]
[SourceVersion "1"]
[SourceVersionDate "2018.08.24"]
[SourceQuality "1"]

1. d4 Nf6 2. c4 e6 3. Nf3 d5 4. Nc3 dxc4 5. e4 Bb4 6. Bxc4 Nxe4 7. 0-0 Nxc3 8. bxc3 Be7 9. Re1 0-0 10. Ne5 Nd7 11. Qg4 Nxe5 12. dxe5 f5 13. Qf3 Bc5 14. Be3 Qe7 15. Rad1 Bxe3 16. Rxe3 Rb8 17. Qe2 Bd7 18. Qc2 Bc6 19. Qb3 Rbe8 20. Red3 a6 21. a4 f4 22. Rd4 Kh8 23. f3 Qg5 24. Bxe6 Bxf3 25. R1d2 Qxe5 26. Bc4 Qe1+ 27. Bf1 Re2 0-1